000
00226nam a2200085Ia 4500
008
220204s9999 xx 000 0 und d
082
_a
301.18:93(548.3)
_b
NAI
245
0
_a
Nair service society golden book (Malayalam)
942
_c
BK
999
_c
20536
_d
20536